Guatemala /

Salvato in:
Dettagli Bibliografici
Autore principale: Gálvez, Víctor
Altri autori: Hoffman Bailey, Carlos
Natura: testo
Pubblicazione: San Salvador: FLACSO. Programa El Salvador
Soggetti:
Tags: Aggiungi Tag
Nessun Tag, puoi essere il primo ad aggiungerne!!

MARC

LEADER 00000 a a2200000 04500
001 27033
003
040
090 |a 183313  
100 |a Gálvez, Víctor  
245 |a Guatemala /  |c Víctor Gálvez 
260 |a San Salvador:   |b FLACSO. Programa El Salvador  
300 |a 199 p.; vol. 4   |b **no definido**   |b fonodiscos   |b **no definido**  
650 |a CIUDADANIA  
650 |a OPINION PUBLICA  
650 |a SERVICIOS PUBLICOS  
650 |a PARTICIPACION POLITICA  
650 |a DESCENTRALIZACION  
650 |a LEGISLACION  
650 |a GOBIERNO CENTRAL  
650 |a GOBIERNO LOCAL  
650 |a OPINION  
650 |a SERVICIOS PUBLICOS  
650 |a PARTICIPACION POLITICA  
650 |a DESCENTRALIZACION  
700 |a Hoffman Bailey, Carlos  
999 |c 6173  |d 6173